banner-ar

الكتب والصحف / (Record no. 60829)

MARC details
000 -الفاتح
حقل البيانات ثابتة الطول 01239nam a22003257a 4500
005 - وقت وتاريخ اخر تعامل مع التسجيلة
رقم الضبط 20240530110430.0
008 - عناصر البيانات ثابتة الطول - معلومات عامة
حقل البيانات ثابتة الطول 150330s2003 su oe f 001 0 ara d
017 ## - رقم الايداع القانونى
رقم الايداع القانونى 1424/3023
المصدر ( الهيئة المختصة) السعودية . مكتبة الملك فهد
020 ## - الرقم الدولى المعيارى للكتب
الرقم الدولى المعيارى للكتاب 9960403858
040 ## - مصدر الفهرسة
وكالة الفهرسة الأصلية EG-CaGPL
082 04 - رقم تصنيف ديوى العشرى
رقم الطبعة 21
رقم التصنيف 302.2
رقم المادة ط/ج س
100 1# - المدخل الرئيسى - إسم شخصى
الإسم الشخصى جراهام ، ايان
الدور ايان جراهام
245 12 - بيان العنوان
العنوان الكتب والصحف /
بيان المسئوليه,etc ايان جراهام ؛ ترجمة مركز التعريب والترجمة بمكتبة العبيكان
250 ## - بيان الطبعة
بيان الطبعة ط1
260 ## - PUBLICATION, DISTRIBUTION, ETC. (IMPRINT)
تاريخ النشر أو التوزيع 2003
300 ## - الوصف المادى
التعداد 49 ص :
تفاصيل ماديه اخرى للوعاء ايض ؛
أبعاد الوعاء 30 سم
490 0# - بيان السلسلة
عنوان السلسلة سلسلة الاتصالات تحت المجهر
650 04 - المدخل الاضافى بالموضوع-مصطلح موضوعى
مصطلح موضوعي هندسة الاتصالات
650 04 - المدخل الاضافى بالموضوع-مصطلح موضوعى
مصطلح موضوعي وسائل الاعلام
650 04 - المدخل الاضافى بالموضوع-مصطلح موضوعى
مصطلح موضوعي البطاقات الممغنطة
650 04 - المدخل الاضافى بالموضوع-مصطلح موضوعى
مصطلح موضوعي الورق
التقسيم الفرعي العام صناعة
650 04 - المدخل الاضافى بالموضوع-مصطلح موضوعى
مصطلح موضوعي الحاسب الالى
التقسيم الفرعي العام تصميم
650 04 - المدخل الاضافى بالموضوع-مصطلح موضوعى
مصطلح موضوعي الكتب
650 04 - المدخل الاضافى بالموضوع-مصطلح موضوعى
مصطلح موضوعي الحبر
650 04 - المدخل الاضافى بالموضوع-مصطلح موضوعى
مصطلح موضوعي الطباعة
650 04 - المدخل الاضافى بالموضوع-مصطلح موضوعى
مصطلح موضوعي المخطوطات
700 ## - المدخل الاضافى - اسم شخصى
الإسم الشخصى مركز التعريب والترجمة بمكتبة العبيكان
الدور مترجم
942 ## - عناصر المدخل الإضافي( كوها)
مصدر التصنيف او مخطط الترفيف Dewey Decimal Classification
Koha [default] item type كتاب
260 ## - PUBLICATION, DISTRIBUTION, ETC. (IMPRINT)
-- الرياض :
-- مكتبة العبيكان ،
Holdings
حالة التراجع حالة الفقد حالة تلف ليس للاعارة المكان المؤقت الموقع الحالى تاريخ الاكتساب اجمالي اﻻعارات رقم الطلب الباركود تاريخ اخر مشاهدة تاريخ تفعيل السعر نوع وعاء كوها
        مكتبة القاهرة الكبرى مكتبة القاهرة الكبرى 03/30/2015   302.2 ط/ج س 159994 03/30/2015 03/30/2015 كتاب

Powered By

EGPV